[Event "South Moravia Region-chT 2223"]
[Site "Czech Republic"]
[Date "2023.04.02"]
[Round "11.7"]
[White "Rotrekl, Rostislav"]
[Black "Vicar, Lubomir"]
[Result "1/2-1/2"]
[WhiteElo "1805"]
[BlackElo "1802"]
[PlyCount "52"]
[EventDate "2022.10.09"]
[EventType "team-tourn"]
[EventRounds "11"]
[EventCountry "CZE"]
[SourceTitle "EXT 2024"]
[Source "ChessBase"]
[SourceDate "2023.10.10"]
[SourceVersion "1"]
[SourceVersionDate "2023.10.10"]
[SourceQuality "1"]

1. d4 Nf6 2. Bf4 e6 3. e3 d5 4. Nd2 Bd6 5. Bg3 0-0 6. Bd3 Nbd7 7. Ngf3 Re8 8. c4 Bxg3 9. hxg3 c6 10. Ne5 dxc4 11. Ndxc4 Nf8 12. Qc2 Qd5 13. 0-0 Ng6 14. Nxg6 hxg6 15. Ne5 Bd7 16. Rfc1 Rac8 17. Qc5 Qxc5 18. Rxc5 Red8 19. Rac1 Be8 20. Bb1 Rd5 21. b4 Nd7 22. Nxd7 Bxd7 23. Rxd5 exd5 24. f3 Re8 25. Kf2 f5 26. a4 a6 1/2-1/2

[Event "South Moravia Region-chT 2223"]
[Site "Czech Republic"]
[Date "2022.11.13"]
[Round "3.8"]
[White "Svoboda, Filip1111"]
[Black "Vicar, Lubomir"]
[Result "0-1"]
[WhiteElo "1461"]
[BlackElo "1802"]
[PlyCount "50"]
[EventDate "2022.10.09"]
[EventType "team-tourn"]
[EventRounds "11"]
[EventCountry "CZE"]
[SourceTitle "EXT 2024"]
[Source "ChessBase"]
[SourceDate "2023.10.10"]
[SourceVersion "1"]
[SourceVersionDate "2023.10.10"]
[SourceQuality "1"]

1. e4 d5 2. exd5 Nf6 3. Nc3 Nxd5 4. Nf3 Nxc3 5. bxc3 g6 6. d4 Bg7 7. Bb2 0-0 8. Be2 Nd7 9. 0-0 b6 10. Rb1 Bb7 11. Re1 e6 12. c4 c5 13. d5 Bxb2 14. Rxb2 Qf6 15. Rb3 exd5 16. cxd5 Rfe8 17. Bb5 Rxe1+ 18. Qxe1 Nf8 19. Qd1 Rd8 20. d6 Rxd6 21. Rd3 Rxd3 22. Bxd3 Ne6 23. Nd2 Qd4 24. g3 Ng5 25. Qe2 Qa1+ 0-1

[Event "South Moravia Region-chT 2223"]
[Site "Czech Republic"]
[Date "2022.10.23"]
[Round "2.7"]
[White "Slouka, Lukas"]
[Black "Vicar, Lubomir"]
[Result "1/2-1/2"]
[WhiteElo "1785"]
[BlackElo "1802"]
[PlyCount "40"]
[EventDate "2022.10.09"]
[EventType "team-tourn"]
[EventRounds "11"]
[EventCountry "CZE"]
[SourceTitle "EXT 2024"]
[Source "ChessBase"]
[SourceDate "2023.10.10"]
[SourceVersion "1"]
[SourceVersionDate "2023.10.10"]
[SourceQuality "1"]

1. b3 d5 2. e3 e5 3. Bb2 Nc6 4. Bb5 Bd6 5. Nf3 Bg4 6. h3 Bxf3 7. Qxf3 Nf6 8. c4 0-0 9. Bxc6 bxc6 10. Qf5 Re8 11. c5 g6 12. Qc2 Bf8 13. d4 exd4 14. Bxd4 Bg7 15. 0-0 Ne4 16. Bxg7 Kxg7 17. Nd2 Qf6 18. Nf3 a5 19. a3 Reb8 20. Nd4 h5 1/2-1/2

[Event "Stare Mesto op"]
[Site "Stare Mesto"]
[Date "2014.08.08"]
[Round "1"]
[White "Vicar, Lubomir"]
[Black "Worek, Joanna"]
[Result "0-1"]
[WhiteElo "1834"]
[BlackElo "2295"]
[PlyCount "64"]
[EventDate "2014.08.08"]
[EventType "swiss"]
[EventRounds "10"]
[EventCountry "CZE"]
[SourceTitle "CBM 162 Extra"]
[Source "ChessBase"]
[SourceDate "2014.10.17"]
[SourceVersion "1"]
[SourceVersionDate "2014.10.17"]
[SourceQuality "1"]

1. d4 Nf6 2. Nf3 e6 3. c4 c5 4. d5 exd5 5. cxd5 d6 6. Nc3 g6 7. e4 Bg7 8. Bb5+ Nbd7 9. 0-0 0-0 10. Bf4 Qe7 11. Re1 Nh5 12. Bg5 f6 13. Bh4 g5 14. Bg3 Nxg3 15. hxg3 Qf7 16. Qc2 a6 17. Bd3 Ne5 18. Na4 Bg4 19. Nxe5 fxe5 20. Nb6 Rad8 21. a4 h5 22. Rf1 Qg6 23. Be2 Rf7 24. f3 Bd7 25. Nxd7 Rdxd7 26. Rab1 Bh6 27. Qd3 Rc7 28. b3 Rh7 29. Qc4 g4 30. f4 h4 31. Qd3 hxg3 32. fxe5 Be3+ 0-1

[Event "Stare Mesto op"]
[Site "Stare Mesto"]
[Date "2011.08.12"]
[Round "1"]
[White "Novotny, Michal"]
[Black "Vicar, Lubomir"]
[Result "1-0"]
[WhiteElo "2327"]
[BlackElo "1811"]
[PlyCount "79"]
[EventDate "2011.08.12"]
[EventType "swiss"]
[EventRounds "10"]
[EventCountry "CZE"]
[SourceTitle "CBM 143 Extra"]
[Source "ChessBase"]
[SourceDate "2011.08.29"]
[SourceVersion "1"]
[SourceVersionDate "2011.08.29"]
[SourceQuality "1"]

1. d4 Nf6 2. Bg5 e6 3. e4 Be7 4. Nd2 0-0 5. Bd3 b6 6. Qf3 Bb7 7. Qh3 g6 8. Ngf3 d5 9. e5 Ne4 10. Bxe7 Qxe7 11. 0-0 Nd7 12. Rfe1 f5 13. exf6 Ndxf6 14. Bxe4 Nxe4 15. Nxe4 dxe4 16. Ne5 Qf6 17. Qg3 Rad8 18. Rad1 Qf4 19. c3 Kg7 20. Nc4 Rd5 21. Ne3 Rd7 22. Rd2 Rdf7 23. Qxf4 Rxf4 24. Nf1 Ba6 25. g3 e3 26. Rxe3 R4f6 27. Re5 h5 28. h4 Bb7 29. f4 Rd8 30. Ne3 Kf7 31. Nc2 Rf5 32. Rde2 Bf3 33. R2e3 Rxe5 34. Rxe5 Bg4 35. Kf2 Bf5 36. Ne1 c5 37. Nf3 c4 38. Rb5 Rd5 39. Ne5+ Ke8 40. Nxc4 1-0